000 00355 a2200145 4500
001 60105
082 _a671 WAL
090 _c36891
_d36891
100 _aWalker, John R.
245 _aMODERN METAL WORKING, 9/e
_cJohn R. Walker
250 _a9
260 _aUSA
_bG-W PUBLISHER
_c2004
300 _a672 p.
_borigional book
500 _aBE textbook IE dept
942 _aNUST-CAE
_k671 WAL
999 _c295178
_d295178